EXPERIMENTAL PHARMACOLOGY (Record no. 762437)

MARC details
000 -LEADER
fixed length control field 00340nam a2200133Ia 4500
008 - FIXED-LENGTH DATA ELEMENTS--GENERAL INFORMATION
fixed length control field 230725s1999 xx 000 0 und d
041 ## - LANGUAGE CODE
Language code of text/sound track or separate title eng
082 ## - DEWEY DECIMAL CLASSIFICATION NUMBER
Classification number 615.1/PIL
100 ## - MAIN ENTRY--PERSONAL NAME
Personal name K. K. Pillai
245 ## - TITLE STATEMENT
Title EXPERIMENTAL PHARMACOLOGY
Remainder of title PHARMACOLOGY AND TOXICOLOGY
260 ## - PUBLICATION, DISTRIBUTION, ETC.
Name of publisher, distributor, etc. CBS Publication
Date of publication, distribution, etc. 1999
300 ## - PHYSICAL DESCRIPTION
Extent 124
500 ## - GENERAL NOTE
General note TEXT BOOK

No items available.